000 00621nam a2200169Ia 4500
008 090123s9999 xx 000 0 und d
082 _b37345
100 _aगाडगीळ अमरेंद्र लक्ष्मण
245 _aअुक्ती विशेष
250 _a0
260 _bआंहेकर द.वा.
_c2004
600 _aगाडगीळ अमरेंद्र लक्ष्मण
630 _aअुक्ती विशेष
700 _aगाडगीळ अमरेंद्र लक्ष्मण
730 _aअुक्ती विशेष
942 _cBOOK
999 _c75413
_d75413